Score 0/75 Timer 05:00
0 Plays Today
% Correct
Green
98.4%
Green
98.4%
the
98.2%
the
98.2%
The
98.2%
The
98.2%
a
98.1%
Acres
97.6%
Acres
97.6%
is
97.1%
is
97.1%
is
97.1%
I
96.8%
I
96.8%
I
96.8%
place
96.1%
to
94.7%
be.
94.7%
me.
94.3%
me
94.3%
me
94.3%
for
93.4%
life
88.9%
life.
88.9%
livin'
87.5%
far
86.4%
Farm
85.6%
you,
77%
You
77%
give
76.3%
give
76.3%
love
71.7%
and
71.7%
Avenue.
66.5%
where
66.1%
are
65.6%
are
65.6%
we
65.3%
% Correct
Park
65.2%
but
65%
wide.
64.8%
New
63.8%
just
63.6%
just
63.6%
city
63.4%
York
63%
air.
62.5%
that
62.1%
so
62.1%
Fresh
61%
my
60.5%
Dah-ling,
60.2%
countryside.
57.7%
I'd
57.3%
rather
57%
there.
56.9%
out
56.6%
Land
56.6%
hay.
56.4%
stay.
56.1%
view.
55.4%
wife.
55.4%
stores.
55.1%
penthouse
54.2%
Square.
54%
get
53.7%
Times
53.2%
Goodbye,
52.7%
Manhattan,
52.6%
adore
52.5%
smelling
52.2%
allergic
51.8%
chores.
51.2%
spreadin'
48.2%
Keep
48.2%
Remove Ads.
Support Sporcle.
Get the best of Sporcle when you Go Orange. This ad-free experience offers more features, more stats, and more fun while also helping to support Sporcle. Thank you for becoming a member.

You're not logged in!

Compare scores with friends on all Sporcle quizzes.
OR
Log In

Show Comments

Extras

Top Quizzes Today


Score Distribution

Your Account Isn't Verified!

In order to create a playlist on Sporcle, you need to verify the email address you used during registration. Go to your Sporcle Settings to finish the process.

Report this User

Report this user for behavior that violates our Community Guidelines.

Details: